| 000 | 01439nam a2200277Ia 4500 | ||
|---|---|---|---|
| 999 |
_c3950 _d3950 |
||
| 003 | OSt | ||
| 005 | 20200514130150.0 | ||
| 008 | 191128s2006 ck ad gr 000 0dspa d | ||
| 020 | _a9587016769 | ||
| 040 |
_aCO-JMCR _cCO-JMCR |
||
| 041 | 0 | _aspa | |
| 082 | 0 | 4 |
_a307.76 / _bR579b _223 |
| 100 | 1 |
_aRincón Avellaneda, Patricia, _eautora _93983 |
|
| 245 | 1 | 0 |
_aBogotá y sus modalidades de ocupación del suelo : _banálisis de los procesos de re-densificación / _cPatricia Rincón Avellaneda |
| 260 |
_aBogotá : _bUniversidad Nacional de Colombia, _c2006 |
||
| 300 |
_a229 páginas : _b ilustraciones, gráficas ; _c21 cm. |
||
| 300 | _c 21 cm | ||
| 490 | 0 | _aPunto aparte | |
| 504 | _aBibliografía: páginas 224-229. | ||
| 505 | _aDiscusiones relativas al modelo de desarrollo, los modelos urbanos y la renovación urbana -- La problemática de Bogotá -- Dinámicas urbanas, modalidades de redensificación | ||
| 520 | _aLa investigación elaborada por la arquitecta Patricia Rincón hace una contribución importante para adelantar un debate informado y crucial para Bogotá. ¿Cómo localizar y en que condiciones a la población urbana? Su trabajo investiga las modalidades. | ||
| 650 | 1 | 4 |
_aDesarrollo urbano _xAspectos sociales _zBogotá (Colombia) _94349 |
| 650 | 2 | 4 |
_aOrdenamiento territorial _zBogotá (Colombia) _94350 |
| 650 | 2 | 4 |
_aModelos de crecimiento de la población _zBogotá (Colombia) _94351 |
| 942 |
_2ddc _cBK |
||